<?xml version="1.0" encoding="UTF-8"?>
<marc:record xmlns:marc="http://www.loc.gov/MARC21/slim">
   <marc:leader>00000nam a2200000 a 4500</marc:leader>
   <marc:datafield ind1="1" ind2=" " tag="100">
      <marc:subfield code="a">Dieterich, Miguel</marc:subfield>
      <marc:subfield code="4">ctb</marc:subfield>
      <marc:subfield code="e">Mitwirkende/-r</marc:subfield>
   </marc:datafield>
   <marc:datafield ind1=" " ind2=" " tag="653">
      <marc:subfield code="a">Wald</marc:subfield>
   </marc:datafield>
   <marc:datafield ind1=" " ind2=" " tag="653">
      <marc:subfield code="a">Wildpflanzen</marc:subfield>
   </marc:datafield>
   <marc:datafield ind1=" " ind2=" " tag="653">
      <marc:subfield code="a">Essbare Pflanzen</marc:subfield>
   </marc:datafield>
   <marc:datafield ind1=" " ind2=" " tag="653">
      <marc:subfield code="a">die gerne mit Zutaten aus der Natur kochen&lt;BR&gt;•Naturliebhaber</marc:subfield>
   </marc:datafield>
   <marc:datafield ind1=" " ind2=" " tag="653">
      <marc:subfield code="a">die gerne im Wald selbst sammeln&lt;BR&gt;•Hobby-Köche</marc:subfield>
   </marc:datafield>
   <marc:datafield ind1=" " ind2=" " tag="653">
      <marc:subfield code="a">die gerne Neues ausprobieren&lt;BR&gt;&lt;BR&gt;</marc:subfield>
   </marc:datafield>
   <marc:datafield ind1=" " ind2=" " tag="653">
      <marc:subfield code="a">Wildkochbuch</marc:subfield>
   </marc:datafield>
   <marc:datafield ind1=" " ind2=" " tag="653">
      <marc:subfield code="a">Wildfrüchte</marc:subfield>
   </marc:datafield>
   <marc:datafield ind1=" " ind2=" " tag="653">
      <marc:subfield code="a">Wildkräuter</marc:subfield>
   </marc:datafield>
   <marc:datafield ind1=" " ind2=" " tag="653">
      <marc:subfield code="a">Pilzgerichte</marc:subfield>
   </marc:datafield>
   <marc:datafield ind1=" " ind2=" " tag="653">
      <marc:subfield code="a">Rezepte</marc:subfield>
   </marc:datafield>
   <marc:datafield ind1=" " ind2=" " tag="653">
      <marc:subfield code="a">Softcover / Ratgeber/Essen</marc:subfield>
   </marc:datafield>
   <marc:datafield ind1=" " ind2=" " tag="653">
      <marc:subfield code="a">Trinken/Themenkochbücher</marc:subfield>
   </marc:datafield>
   <marc:datafield ind1=" " ind2=" " tag="653">
      <marc:subfield code="a">Kochbuch</marc:subfield>
   </marc:datafield>
   <marc:datafield ind1="0" ind2="0" tag="245">
      <marc:subfield code="a">Das neue Waldkochbuch</marc:subfield>
   </marc:datafield>
   <marc:datafield ind1="0" ind2="0" tag="245">
      <marc:subfield code="b">aus dem Wald auf den Teller</marc:subfield>
   </marc:datafield>
   <marc:datafield ind1="0" ind2="0" tag="245">
      <marc:subfield code="c">Fotos im Innenteil von Miguel Dieterich</marc:subfield>
   </marc:datafield>
   <marc:datafield ind1=" " ind2="1" tag="264">
      <marc:subfield code="a">Schwarzenbek</marc:subfield>
      <marc:subfield code="b">Cadmos-Verl.</marc:subfield>
      <marc:subfield code="c">2012</marc:subfield>
   </marc:datafield>
   <marc:datafield ind1="1" ind2=" " tag="490">
      <marc:subfield code="a">AV-Buch</marc:subfield>
   </marc:datafield>
   <marc:datafield ind1="1" ind2=" " tag="520">
      <marc:subfield code="a">Angaben aus der Verlagsmeldung

Das neue Waldkochbuch : Aus dem Wald auf den Teller

Der Trend zu naturbelassenen, nachhaltigen Lebensmitteln aus der Region und zum bewussten Genuss nimmt kontinuierlich zu. Was liegt daher näher, als auch das reichhaltige Angebot an kulinarischen Genüssen zu nutzen, die uns der Wald schenkt. Bedeckt er doch ca. ein Drittel der Fläche Deutschlands und fast die Hälfte der Fläche Österreichs.
Für das vorliegende Kochbuch haben wir ca. 80 originelle, traditionelle und praxiserprobte Rezepte ausgewählt, die eines verbindet: mindestens eine Zutat in jedem Gericht stammt aus dem Wald. Hobbyköche sendeten im Rahmen eines Wettbewerbs ihre Lieblings-Waldrezepte ein – die besten wurden anschließend von einer fachkundigen Jury ausgewählt. Raffinierte Vorspeisen, köstliche Hauptspeisen, feine Desserts, Eingemachtes und Hausrezepte zeigen, wie vielfältig das kulinarische Angebot aus dem Wald ist.
Wer Waldspezialitäten authentisch zubereiten möchte, wird die Zutaten auch selbst im Wald sammeln - so wird schon die Vorbereitung zu einem Naturerlebnis. Ob Pilze,
Beeren, Wildfrüchte oder Kräuter – gesammelt werden muss mit Augenmaß und Verantwortung:
ein „Waldleitfaden“ hilft, das sensible Ökosystem des Waldes zu schützen. Eine ausführliche Warenkunde macht das Nachkochen der Rezepte auch für unerfahrene „Waldköche“ zu einem Genuss- und Erfolgserlebnis.

</marc:subfield>
   </marc:datafield>
   <marc:datafield ind1=" " ind2=" " tag="020">
      <marc:subfield code="a">9783840470158</marc:subfield>
      <marc:subfield code="9">9783840470158</marc:subfield>
   </marc:datafield>
   <marc:datafield ind1=" " ind2=" " tag="041">
      <marc:subfield code="a">ger</marc:subfield>
   </marc:datafield>
   <marc:datafield ind1=" " ind2=" " tag="300">
      <marc:subfield code="a">125 S.</marc:subfield>
   </marc:datafield>
</marc:record>
